[Event "3. Campeonato de la Unión Europea"]
[Site "Arvier ITA"]
[Date "2007.06.19"]
[Round "5.6"]
[White "Rombaldoni, Denis"]
[Black "Baburin, Alexander"]
[Result "0-1"]
[WhiteElo "2368"]
[BlackElo "2545"]
[PlyCount "68"]
[EventDate "2007.06.15"]
[EventType "swiss"]
[EventRounds "10"]
[EventCountry "ITA"]
[Source "lmi"]
[SourceDate "2007.06.15"]

1. d4 d5 2. c4 dxc4 3. e4 Nc6 4. Nf3 Bg4 5. d5 Ne5 6. Bf4 Ng6 7. Be3 e5 8. Bxc4
Bd6 9. Bb5+ Kf8 10. Be2 N8e7 11. Nc3 Nf4 12. Bxf4 Bxf3 13. Bg5 Bxg2 14. Rg1 Bh3
15. Bh5 Bd7 16. Qf3 Qe8 17. O-O-O Ng6 18. h4 Nf4 19. Bxf4 exf4 20. Ne2 Qe5 21.
Rg5 Qf6 22. Qb3 Re8 23. Bf3 h6 24. Rg2 Qxh4 25. Qxb7 g5 26. Rdg1 Rg8 27. Nd4 g4
28. Bxg4 Rxg4 29. Rxg4 Bxg4 30. Qxa7 f3 31. a4 Rxe4 32. a5 Qg5+ 33. Kb1 Qxd5
34. Nc2 Be6 0-1

[Event "3. Campeonato de la Unión Europea"]
[Site "Arvier ITA"]
[Date "2007.06.19"]
[Round "5.7"]
[White "Castaldo, Folco"]
[Black "Sulskis, Sarunas"]
[Result "1/2-1/2"]
[WhiteElo "2330"]
[BlackElo "2533"]
[PlyCount "118"]
[EventDate "2007.06.15"]
[EventType "swiss"]
[EventRounds "10"]
[EventCountry "ITA"]
[Source "lmi"]
[SourceDate "2007.06.15"]

1. Nf3 Nf6 2. c4 b6 3. g3 c5 4. Bg2 Bb7 5. O-O e6 6. Nc3 Be7 7. d4 cxd4 8. Qxd4
O-O 9. Rd1 d6 10. Bg5 Nbd7 11. Nb5 d5 12. cxd5 Bxd5 13. Ne5 Bc5 14. Bxf6 Nxf6
15. Qh4 Qc8 16. b4 Bxg2 17. Kxg2 Be7 18. Rac1 Qb7+ 19. Kg1 Rac8 20. a3 Qd5 21.
Rxd5 Rxc1+ 22. Kg2 Nxd5 23. Qe4 a5 24. Nd3 Rcc8 25. Na7 Rc3 26. Nb5 axb4 27.
Nxc3 bxc3 28. Qc4 b5 29. Qxb5 Bxa3 30. Qb3 Be7 31. e4 Nf6 32. f3 Rc8 33. Qb7
Rd8 34. Qxe7 Rxd3 35. e5 Rd2+ 36. Kh3 Nd7 37. Qb4 Rd3 38. Qb5 c2 39. Qxd3 c1=Q
40. Qxd7 Qc5 41. f4 h6 42. Qe8+ Qf8 43. Qd7 Qa8 44. Qe7 Qc6 45. Qd8+ Kh7 46.
Qd3+ g6 47. Qd8 Qf3 48. Qf6 Kg8 49. Qd8+ Kh7 50. Qf6 Qb7 51. Kh4 Qd7 52. Kh3
Kg8 53. Qh4 h5 54. Qf6 Qd1 55. Qg5 Qd2 56. Qf6 Qe2 57. Qd8+ Kh7 58. Qf6 Qg4+
59. Kg2 Qe2+ 1/2-1/2

[Event "3. Campeonato de la Unión Europea"]
[Site "Arvier ITA"]
[Date "2007.06.19"]
[Round "5.8"]
[White "Cocchi, Andrea"]
[Black "Prie, Eric"]
[Result "0-1"]
[WhiteElo "2321"]
[BlackElo "2513"]
[PlyCount "66"]
[EventDate "2007.06.15"]
[EventType "swiss"]
[EventRounds "10"]
[EventCountry "ITA"]
[Source "lmi"]
[SourceDate "2007.06.15"]

1. Nf3 d5 2. d4 Nf6 3. c4 c6 4. e3 Bg4 5. Qb3 Qb6 6. Ne5 Bf5 7. Qxb6 axb6 8.
cxd5 Nxd5 9. Bd3 Bxd3 10. Nxd3 g6 11. Ke2 Bg7 12. Rd1 O-O 13. Bd2 Rd8 14. Nc3
e6 15. a4 Nd7 16. Rdc1 Ra7 17. b3 f5 18. Rab1 Raa8 19. Rc2 Re8 20. Kf1 Rad8 21.
Ra1 Nc7 22. a5 b5 23. Na2 e5 24. dxe5 Nxe5 25. Nxe5 Rxe5 26. Nb4 Re4 27. Raa2
Bf8 28. a6 Bxb4 29. Bxb4 Rxb4 30. axb7 Rb8 31. Ra7 Re4 32. Rxc6 Re7 33. Ra8
Nxa8 0-1

[Event "3. Campeonato de la Unión Europea"]
[Site "Arvier ITA"]
[Date "2007.06.19"]
[Round "5.9"]
[White "Caruana, Fabiano"]
[Black "Daulyte, Deimante"]
[Result "1-0"]
[WhiteElo "2513"]
[BlackElo "2224"]
[PlyCount "63"]
[EventDate "2007.06.15"]
[EventType "swiss"]
[EventRounds "10"]
[EventCountry "ITA"]
[Source "lmi"]
[SourceDate "2007.06.15"]

1. e4 c5 2. Nf3 d6 3. d4 cxd4 4. Nxd4 Nf6 5. Nc3 g6 6. Be3 Bg7 7. f3 O-O 8. Qd2
Nc6 9. O-O-O d5 10. Kb1 Rb8 11. Ndb5 a6 12. Na7 e6 13. Nxc8 Qxc8 14. exd5 exd5
15. Bg5 Ne7 16. h4 b5 17. Bd3 b4 18. Ne2 Nc6 19. Bh6 Ne5 20. Bxg7 Kxg7 21. h5
Re8 22. Nd4 Nc4 23. Qf4 Rb6 24. hxg6 fxg6 25. Qh6+ Kf7 26. g4 Ne3 27. Rde1 Qc5
28. Nb3 Qf8 29. Qf4 Qd6 30. Rxh7+ Kg8 31. Qxd6 Rxd6 32. Rh6 1-0

[Event "3. Campeonato de la Unión Europea"]
[Site "Arvier ITA"]
[Date "2007.06.19"]
[Round "5.10"]
[White "Rombaldoni, Axel"]
[Black "Cebalo, Miso"]
[Result "1/2-1/2"]
[WhiteElo "2221"]
[BlackElo "2491"]
[PlyCount "72"]
[EventDate "2007.06.15"]
[EventType "swiss"]
[EventRounds "10"]
[EventCountry "ITA"]
[Source "lmi"]
[SourceDate "2007.06.15"]

1. e4 c5 2. Nf3 d6 3. d4 cxd4 4. Nxd4 Nf6 5. Nc3 g6 6. Be2 Bg7 7. O-O O-O 8.
Re1 Nc6 9. Nb3 a6 10. Bf1 b5 11. Nd5 e6 12. Nxf6+ Bxf6 13. c3 Bb7 14. Bh6 Re8
15. Qd2 Qc7 16. a4 bxa4 17. Rxa4 Rab8 18. Bf4 Ne5 19. Na5 Bc8 20. Nc4 Rd8 21.
Ne3 Bb7 22. Rea1 Bc6 23. Rxa6 Bxe4 24. R6a4 Bb7 25. Bxe5 Bxe5 26. Ng4 Bg7 27.
Qg5 Qc5 28. Nf6+ Bxf6 29. Qxf6 Qf5 30. Qe7 Kg7 31. Rb4 Bd5 32. Rxb8 Rxb8 33. c4
Rxb2 34. cxd5 Qxf2+ 35. Kh1 Ra2 36. Rc1 Rc2 1/2-1/2

[Event "3. Campeonato de la Unión Europea"]
[Site "Arvier ITA"]
[Date "2007.06.19"]
[Round "5.11"]
[White "Likavsky, Tomas"]
[Black "Makka, Ioulia"]
[Result "1/2-1/2"]
[WhiteElo "2485"]
[BlackElo "2185"]
[PlyCount "81"]
[EventDate "2007.06.15"]
[EventType "swiss"]
[EventRounds "10"]
[EventCountry "ITA"]
[Source "lmi"]
[SourceDate "2007.06.15"]

1. Nf3 Nf6 2. c4 e6 3. g3 d5 4. Bg2 dxc4 5. O-O Nbd7 6. Qa4 Be7 7. Qxc4 c5 8.
d4 Nb6 9. Qd3 O-O 10. Nc3 cxd4 11. Nxd4 a6 12. Rd1 Qc7 13. Bg5 h6 14. Bxf6 Bxf6
15. Rac1 Qe7 16. Ne4 Be5 17. Nc5 Nd5 18. e4 Nb4 19. Qc4 Bxd4 20. Qxb4 e5 21.
Rd2 Re8 22. Qa5 Qf6 23. Nb3 Bb6 24. Qb4 Rd8 25. Rxd8+ Qxd8 26. Nc5 Qf6 27. Qe1
Rb8 28. b4 Be6 29. a3 Qe7 30. Bf1 Bg4 31. h3 Be6 32. Nxe6 Qxe6 33. Kg2 Rc8 34.
Rxc8+ Qxc8 35. Qd2 Bd4 36. Bd3 Qc3 37. Qxc3 Bxc3 38. b5 axb5 39. Bxb5 Kf8 40.
Kf3 Ke7 41. Ke2 1/2-1/2

[Event "3. Campeonato de la Unión Europea"]
[Site "Arvier ITA"]
[Date "2007.06.19"]
[Round "5.12"]
[White "Sorcinelli, Francesco"]
[Black "Okhotnik, Vladimir"]
[Result "0-1"]
[WhiteElo "2131"]
[BlackElo "2484"]
[PlyCount "56"]
[EventDate "2007.06.15"]
[EventType "swiss"]
[EventRounds "10"]
[EventCountry "ITA"]
[Source "lmi"]
[SourceDate "2007.06.15"]

1. e4 c5 2. Nc3 Nc6 3. Nge2 Nd4 4. Nxd4 cxd4 5. Ne2 e5 6. Ng3 Nf6 7. c3 Bc5 8.
Bc4 O-O 9. O-O d6 10. d3 Be6 11. Bxe6 fxe6 12. b4 Bb6 13. c4 a5 14. Bd2 axb4
15. Bxb4 Qc7 16. Qb3 Nd7 17. a4 Ba5 18. Ba3 b6 19. c5 dxc5 20. Qxe6+ Kh8 21.
Nf5 Rae8 22. Qd6 Qb7 23. Ne7 Nb8 24. Nd5 Rf7 25. Rab1 Rd7 26. Bxc5 Rxd6 27.
Bxd6 Qc6 28. Bc7 Nd7 0-1

[Event "3. Campeonato de la Unión Europea"]
[Site "Arvier ITA"]
[Date "2007.06.19"]
[Round "5.13"]
[White "Piscopo, Pierluigi"]
[Black "Bashkite, Viktoria"]
[Result "1-0"]
[WhiteElo "2392"]
[BlackElo "2202"]
[PlyCount "53"]
[EventDate "2007.06.15"]
[EventType "swiss"]
[EventRounds "10"]
[EventCountry "ITA"]
[Source "lmi"]
[SourceDate "2007.06.15"]

1. e4 e6 2. d3 c5 3. Nf3 Nc6 4. g3 d6 5. Bg2 Be7 6. O-O Nf6 7. Re1 e5 8. h3 h6
9. c3 Qb6 10. a3 a5 11. a4 Be6 12. Na3 O-O 13. Nc4 Qc7 14. Ne3 Qd7 15. Kh2 Rab8
16. d4 exd4 17. cxd4 cxd4 18. Nxd4 Nxd4 19. Qxd4 b5 20. Bd2 b4 21. Nc4 Rfc8 22.
Nb6 Qa7 23. Be3 Rc5 24. Nd5 Qd7 25. Qd3 Rc6 26. Nxe7+ Qxe7 27. e5 1-0

[Event "3. Campeonato de la Unión Europea"]
[Site "Arvier ITA"]
[Date "2007.06.19"]
[Round "5.14"]
[White "Agrest, Inna"]
[Black "Foisor, Cristina Adela"]
[Result "0-1"]
[WhiteElo "2069"]
[BlackElo "2384"]
[PlyCount "126"]
[EventDate "2007.06.15"]
[EventType "swiss"]
[EventRounds "10"]
[EventCountry "ITA"]
[Source "lmi"]
[SourceDate "2007.06.15"]

1. e4 c6 2. d4 g6 3. Nc3 d5 4. e5 h5 5. f4 Nh6 6. Nf3 Bg4 7. Be3 Qb6 8. Rb1 Nf5
9. Bf2 e6 10. Be2 c5 11. Na4 Qa5+ 12. c3 Bxf3 13. Bxf3 c4 14. b4 Qc7 15. O-O
Nd7 16. g3 Be7 17. h3 O-O-O 18. Nb2 Rdg8 19. h4 f6 20. Qe1 Re8 21. a4 Bd8 22.
a5 g5 23. Bd1 gxh4 24. gxh4 Reg8+ 25. Kh1 Nf8 26. Bc2 Rg4 27. Bxf5 exf5 28. Bg3
Rhg8 29. Rf3 Qg7 30. Bh2 Rxh4 31. Qf2 Rg4 32. Rg1 Ne6 33. Nd1 fxe5 34. dxe5
Rxg1+ 35. Qxg1 Qxg1+ 36. Bxg1 b6 37. axb6 axb6 38. Ne3 Rf8 39. Nxd5 b5 40. Rh3
h4 41. Bf2 Kb7 42. Rf3 Kc6 43. Ne3 Bb6 44. Bxh4 Bxe3 45. Rxe3 Rh8 46. Rh3 Nxf4
47. Rh2 Ng6 48. Bf6 Rxh2+ 49. Kxh2 Kd5 50. Kg3 Ke6 51. Bg7 Ne7 52. Bh6 Nd5 53.
Bd2 Kxe5 54. Kf3 f4 55. Be1 Ne7 56. Bf2 Kf5 57. Bc5 Ng6 58. Bd4 Nh4+ 59. Kf2
Ke4 60. Bf6 Nf5 61. Bh8 Ne3 62. Bd4 Nd5 63. Ke2 Nxb4 0-1

[Event "3. Campeonato de la Unión Europea"]
[Site "Arvier ITA"]
[Date "2007.06.19"]
[Round "5.15"]
[White "Agrest, Roman"]
[Black "Vocaturo, Daniele"]
[Result "0-1"]
[WhiteElo "2161"]
[BlackElo "2450"]
[PlyCount "62"]
[EventDate "2007.06.15"]
[EventType "swiss"]
[EventRounds "10"]
[EventCountry "ITA"]
[Source "lmi"]
[SourceDate "2007.06.15"]

1. b4 e5 2. Bb2 Bxb4 3. Bxe5 Nf6 4. e3 O-O 5. Nf3 d5 6. Be2 c5 7. O-O Nc6 8.
Bb2 Re8 9. d3 Qe7 10. Nbd2 d4 11. e4 Bd7 12. Nb3 b5 13. Ne1 Rad8 14. Nf3 a5 15.
a4 bxa4 16. Rxa4 c4 17. Na1 Qe6 18. dxc4 Nxe4 19. Bd3 Qh6 20. Nb3 Bd6 21. g3
Bg4 22. Bxe4 Rxe4 23. Qd3 Rde8 24. c5 Qh5 25. Nbd2 Bxf3 26. Nxf3 Bxc5 27. Qb5
Qd5 28. Rc4 R4e6 29. Nxd4 Re1 30. Rxc5 Rxf1+ 31. Qxf1 Qxc5 0-1

[Event "3. Campeonato de la Unión Europea"]
[Site "Arvier ITA"]
[Date "2007.06.19"]
[Round "5.17"]
[White "Calzetta, Monica"]
[Black "Calandri, Fausto"]
[Result "1-0"]
[WhiteElo "2340"]
[BlackElo "2144"]
[PlyCount "81"]
[EventDate "2007.06.15"]
[EventType "swiss"]
[EventRounds "10"]
[EventCountry "ITA"]
[Source "lmi"]
[SourceDate "2007.06.15"]

1. e4 e6 2. d4 d5 3. Nd2 Nf6 4. e5 Nfd7 5. Bd3 c5 6. c3 Nc6 7. Ne2 Qb6 8. O-O
cxd4 9. cxd4 Nxd4 10. Nxd4 Qxd4 11. Nf3 Qb6 12. Qa4 Qb4 13. Qc2 Nc5 14. Bd2 Qa4
15. b3 Qd7 16. Be2 b6 17. b4 Qa4 18. Rfc1 Qxc2 19. Rxc2 Ba6 20. Bxa6 Nxa6 21.
Rac1 Be7 22. Nd4 Kd7 23. Nc6 Rhc8 24. a4 Rc7 25. a5 Rac8 26. b5 Nc5 27. Be3 Bf8
28. Kf1 f5 29. h4 Rb7 30. axb6 axb6 31. Ra1 Nb3 32. Ra6 Bc5 33. Rc3 Bxe3 34.
Rxb3 Bc5 35. h5 Rg8 36. Rg3 Kc7 37. Ra8 Rxa8 38. Rxg7+ Kc8 39. Rg8+ Kd7 40.
Rxa8 Rc7 41. Rd8# 1-0

[Event "3. Campeonato de la Unión Europea"]
[Site "Arvier ITA"]
[Date "2007.06.19"]
[Round "5.18"]
[White "Friedrich, Norbert"]
[Black "Astengo, Corrado"]
[Result "1-0"]
[WhiteElo "2317"]
[BlackElo "2110"]
[PlyCount "171"]
[EventDate "2007.06.15"]
[EventType "swiss"]
[EventRounds "10"]
[EventCountry "ITA"]
[Source "lmi"]
[SourceDate "2007.06.15"]

1. e4 c6 2. d4 d5 3. Nd2 dxe4 4. Nxe4 Bf5 5. Ng3 Bg6 6. Nh3 h6 7. Nf4 Bh7 8.
Bc4 e6 9. O-O Bd6 10. Ngh5 Bxf4 11. Bxf4 Kf8 12. Qd2 Bg6 13. Qb4+ Ne7 14. Qxb7
Nd7 15. Ng3 Nb6 16. Bb3 Ned5 17. Be5 f6 18. c4 fxe5 19. cxd5 cxd5 20. dxe5 Qc8
21. Qxc8+ Rxc8 22. Rfc1 Ke7 23. Ne2 Bd3 24. Nd4 Kd7 25. Bd1 Rc4 26. Rxc4 Nxc4
27. Ba4+ Ke7 28. b3 Nb6 29. Rc1 Rc8 30. Rxc8 Nxc8 31. f4 a6 32. Kf2 Nb6 33. Bc6
Nd7 34. Bxd7 Kxd7 35. Ke3 Bf1 36. g3 Bh3 37. Kd2 Kc7 38. Kc3 Kb6 39. Kb4 a5+
40. Kc3 Kc5 41. a3 Bg4 42. b4+ axb4+ 43. axb4+ Kb6 44. Kd2 g6 45. Ke3 h5 46.
Kf2 Bh3 47. Kf3 Ka6 48. Ke3 Kb6 49. Kd2 Bg4 50. Kc3 Bh3 51. Kb3 Bg4 52. Ka3 Ka6
53. Kb3 Bd1+ 54. Kc3 Bg4 55. Nc6 Bf3 56. b5+ Kb6 57. Kb4 Be2 58. Nd4 Bg4 59.
Nb3 Be2 60. Nc5 Bxb5 61. Nxe6 Bd7 62. Nd4 Bg4 63. Nb3 Kc6 64. Kc3 Bh3 65. Kd4
Bg2 66. Nc1 Bf3 67. Nd3 Kd7 68. Nc5+ Kc6 69. Ne6 Be4 70. Nd8+ Kd7 71. Nf7 Ke7
72. Nd6 Bg2 73. Kc5 Ke6 74. Nb5 Kd7 75. Nd4 Be4 76. Nb5 Bg2 77. Nd6 Ke6 78. Ne8
Kd7 79. Nf6+ Ke6 80. Nh7 Bh1 81. Ng5+ Ke7 82. h3 Bg2 83. g4 Bxh3 84. Nxh3 hxg4
85. Ng5 g3 86. Kxd5 1-0

[Event "3. Campeonato de la Unión Europea"]
[Site "Arvier ITA"]
[Date "2007.06.19"]
[Round "5.20"]
[White "Tate, Alan"]
[Black "Pantaleoni, Claudio"]
[Result "1/2-1/2"]
[WhiteElo "2058"]
[BlackElo "2219"]
[PlyCount "152"]
[EventDate "2007.06.15"]
[EventType "swiss"]
[EventRounds "10"]
[EventCountry "ITA"]
[Source "lmi"]
[SourceDate "2007.06.15"]

1. e4 e5 2. Bc4 Nc6 3. Nc3 Nf6 4. d3 Bc5 5. f4 d6 6. Nf3 Bg4 7. Na4 O-O 8. Nxc5
dxc5 9. O-O Qd6 10. Qd2 Bxf3 11. gxf3 Nh5 12. fxe5 Nxe5 13. Bb3 c4 14. dxc4
Nxc4 15. Qg5 Qd4+ 16. Kh1 g6 17. Qg1 Qxg1+ 18. Kxg1 Nd6 19. Bg5 Rfe8 20. Rad1
Kg7 21. Ba4 Re5 22. Bc1 f6 23. Rd4 g5 24. c4 a6 25. b4 b6 26. Bc6 Rf8 27. Bd5
Re7 28. c5 Nf7 29. Bxf7 Kxf7 30. cxb6 cxb6 31. Rd6 Re6 32. Rfd1 Rc8 33. Rd7+
Kg6 34. Be3 Rc2 35. R1d2 Rec6 36. a4 Rxd2 37. Bxd2 Nf4 38. Bxf4 gxf4 39. Ra7
Rc1+ 40. Kg2 Rc2+ 41. Kh3 Rb2 42. Rxa6 Rxb4 43. Kg4 b5 44. Rb6 Rxa4 45. Rxb5
Ra2 46. h4 h5+ 47. Kxf4 Rh2 48. Rb6 Rxh4+ 49. Kg3 Rh1 50. e5 Kf5 51. exf6 Kg6
52. Kf4 Re1 53. Ra6 Re8 54. Ra5 Kxf6 55. Rxh5 Ra8 56. Rh6+ Kf7 57. Kf5 Ra5+ 58.
Kg4 Rb5 59. Ra6 Rc5 60. Kg3 Rc3 61. Kg4 Rc5 62. f4 Rb5 63. Kf3 Rb3+ 64. Kg4 Rb5
65. Rd6 Ra5 66. Rh6 Rb5 67. Rh7+ Kf6 68. Ra7 Rc5 69. Ra6+ Kg7 70. f5 Rc1 71.
Kf4 Rf1+ 72. Ke5 Re1+ 73. Kd5 Rd1+ 74. Ke6 Re1+ 75. Kd7 Re5 76. f6+ Kf7 1/2-1/2

[Event "3. Campeonato de la Unión Europea"]
[Site "Arvier ITA"]
[Date "2007.06.19"]
[Round "5.21"]
[White "Borosova, Zuzana"]
[Black "Norinkeviciute, Rasa"]
[Result "1-0"]
[WhiteElo "2206"]
[BlackElo "2048"]
[PlyCount "63"]
[EventDate "2007.06.15"]
[EventType "swiss"]
[EventRounds "10"]
[EventCountry "ITA"]
[Source "lmi"]
[SourceDate "2007.06.15"]

1. e4 g6 2. d4 Bg7 3. Nc3 d6 4. Be3 a6 5. Qd2 Nd7 6. h4 h5 7. f3 b5 8. Nh3 Bb7
9. Ng5 e6 10. Ne2 Ne7 11. Nf4 Nf8 12. a4 c6 13. Be2 Qd7 14. O-O Rc8 15. Rfd1
Rd8 16. c3 f6 17. Ngh3 Kf7 18. Nd3 Qc7 19. Qc2 Nd7 20. Ndf4 e5 21. dxe5 Nxe5
22. Qb3+ d5 23. exd5 Nxd5 24. Nxd5 Rxd5 25. Nf4 Rhd8 26. Nxd5 cxd5 27. axb5
axb5 28. Ra7 Nc6 29. Rxd5 Kf8 30. Bc5+ Ke8 31. Rxd8+ Nxd8 32. Qg8+ 1-0

[Event "3. Campeonato de la Unión Europea"]
[Site "Arvier ITA"]
[Date "2007.06.19"]
[Round "5.22"]
[White "Maahs, Erich"]
[Black "Majer, Chris E"]
[Result "1-0"]
[WhiteElo "2193"]
[BlackElo "2036"]
[PlyCount "44"]
[EventDate "2007.06.15"]
[EventType "swiss"]
[EventRounds "10"]
[EventCountry "ITA"]
[Source "lmi"]
[SourceDate "2007.06.15"]

1. e4 d5 2. exd5 Qxd5 3. Nc3 Qa5 4. Bc4 Nf6 5. d3 Bg4 6. Nge2 e6 7. Bd2 c6 8.
f3 Bf5 9. g4 Bg6 10. Nf4 e5 11. Nxg6 hxg6 12. Ne4 Qd8 13. Ng5 Nd5 14. Qe2 Nd7
15. O-O-O Be7 16. h4 Qc7 17. d4 Rf8 18. Qe4 N5f6 19. Bxf7+ Kd8 20. Qxg6 Qb6 21.
dxe5 Nd5 22. Ne6+ Kc8 1-0

[Event "3. Campeonato de la Unión Europea"]
[Site "Arvier ITA"]
[Date "2007.06.19"]
[Round "5.23"]
[White "Brigati, Alessandro"]
[Black "Bruno, Fabio"]
[Result "0-1"]
[WhiteElo "2093"]
[BlackElo "2428"]
[PlyCount "118"]
[EventDate "2007.06.15"]
[EventType "swiss"]
[EventRounds "10"]
[EventCountry "ITA"]
[Source "lmi"]
[SourceDate "2007.06.15"]

1. d4 Nf6 2. Nf3 e6 3. Bf4 Be7 4. e3 Nh5 5. Bg3 d6 6. Nbd2 b6 7. c3 Nd7 8. Ne5
dxe5 9. Qxh5 exd4 10. exd4 Bb7 11. Nf3 Nf6 12. Qb5+ c6 13. Qa4 O-O 14. Be2 a6
15. O-O Ne4 16. Rad1 Nxg3 17. hxg3 Qc7 18. Ne5 Bd6 19. Bf3 b5 20. Qc2 Bxe5 21.
dxe5 Qxe5 22. Rd7 Bc8 23. Rd2 Qc7 24. Rfd1 Rb8 25. Rd6 c5 26. Qd2 Bb7 27. Rd7
Qc8 28. Qd6 Bxf3 29. gxf3 g6 30. Rc7 Qd8 31. Rxc5 Qa5 32. b4 Qxa2 33. Qe7 Qe2
34. Rd7 Qxf3 35. Rcc7 Rbe8 36. Qd6 h5 37. Qe5 Qf5 38. Qd6 Qb1+ 39. Kh2 Qf5 40.
Kg1 e5 41. Qxa6 Ra8 42. Ra7 Rxa7 43. Rxa7 Qb1+ 44. Kh2 h4 45. Qxb5 hxg3+ 46.
Kxg3 Qf5 47. Qd7 Qf4+ 48. Kg2 Kg7 49. Qb7 Rh8 50. Kf1 Rh2 51. Ra2 Qc1+ 52. Ke2
Rh1 53. Qa6 Qxc3 54. Rd2 Qxb4 55. Qd3 Qg4+ 56. f3 Qg2+ 57. Ke3 Re1+ 58. Re2
Rxe2+ 59. Qxe2 Qxe2+ 0-1

[Event "3. Campeonato de la Unión Europea"]
[Site "Arvier ITA"]
[Date "2007.06.19"]
[Round "5.24"]
[White "Zimina, Olga"]
[Black "Battistella, Stefano"]
[Result "1-0"]
[WhiteElo "2377"]
[BlackElo "2068"]
[PlyCount "76"]
[EventDate "2007.06.15"]
[EventType "swiss"]
[EventRounds "10"]
[EventCountry "ITA"]
[Source "lmi"]
[SourceDate "2007.06.15"]

1. e4 d5 2. exd5 Qxd5 3. Nc3 Qa5 4. d4 Nf6 5. Bc4 Bf5 6. Nf3 c6 7. Bd2 e6 8.
Nd5 Qd8 9. Nxf6+ gxf6 10. Bb3 Nd7 11. Nh4 Bg6 12. Qe2 Be7 13. g3 Qc7 14. O-O-O
O-O-O 15. Ng2 c5 16. d5 e5 17. g4 h5 18. h3 hxg4 19. hxg4 f5 20. f4 fxg4 21.
Qxg4 Rxh1 22. Rxh1 Be4 23. fxe5 Qxe5 24. Bf4 f5 25. Qg3 Qd4 26. Rd1 Qh8 27. Ne3
b5 28. a4 Bf6 29. axb5 Bxb2+ 30. Kb1 Ba1 31. Nc4 Nb6 32. Bb8 Rd7 33. Be5 Bxe5
34. Nxe5 Rg7 35. Qc3 c4 36. d6 Kb7 37. Bxc4 Qd8 38. Nc6 Qf8 1-0

[Event "3. Campeonato de la Unión Europea"]
[Site "Arvier ITA"]
[Date "2007.06.19"]
[Round "5.26"]
[White "Mortola, Alberto"]
[Black "Cazzaniga, Walter"]
[Result "0-1"]
[WhiteElo "1905"]
[BlackElo "2174"]
[PlyCount "66"]
[EventDate "2007.06.15"]
[EventType "swiss"]
[EventRounds "10"]
[EventCountry "ITA"]
[Source "lmi"]
[SourceDate "2007.06.15"]

1. e4 e6 2. d4 d5 3. Nd2 Nf6 4. e5 Nfd7 5. f4 c5 6. c3 cxd4 7. cxd4 Nc6 8. Ngf3
a5 9. Be2 Qb6 10. Nb1 Bb4+ 11. Nc3 f6 12. O-O fxe5 13. fxe5 O-O 14. Kh1 Be7 15.
Bd3 Qd8 16. Qc2 h6 17. a3 Rf7 18. Bg6 Rxf3 19. gxf3 Nxd4 20. Qd3 Nb3 21. Rb1
Nxe5 22. Bh7+ Kh8 23. Qe3 Kxh7 24. Qxe5 Bf6 25. Qg3 e5 26. Rd1 Bf5 27. Rxd5 Qg8
28. Rb5 Bxb1 29. Rxb7 Nxc1 30. Nxb1 Qd5 31. Rc7 Qd1+ 32. Kg2 Ne2 33. Qf2 Nf4+
0-1

[Event "3. Campeonato de la Unión Europea"]
[Site "Arvier ITA"]
[Date "2007.06.19"]
[Round "5.28"]
[White "Beggi, Pierluigi"]
[Black "Frontini, Fabio"]
[Result "1/2-1/2"]
[WhiteElo "2141"]
[BlackElo "1965"]
[PlyCount "39"]
[EventDate "2007.06.15"]
[EventType "swiss"]
[EventRounds "10"]
[EventCountry "ITA"]
[Source "lmi"]
[SourceDate "2007.06.15"]

1. d4 d5 2. c4 c6 3. Nc3 Nf6 4. Nf3 e6 5. cxd5 exd5 6. Bg5 Be7 7. e3 Bg4 8. Be2
O-O 9. O-O Nbd7 10. Qb3 Qb6 11. Ne5 Qxb3 12. axb3 Bxe2 13. Nxe2 Rfe8 14. Nxd7
Nxd7 15. Bxe7 Rxe7 16. Nf4 Nf6 17. Nd3 Ne4 18. Rfd1 f6 19. b4 Nd6 20. b3
1/2-1/2

[Event "3. Campeonato de la Unión Europea"]
[Site "Arvier ITA"]
[Date "2007.06.19"]
[Round "5.29"]
[White "Diotallevi, Maurizio"]
[Black "Bossoni, Mario"]
[Result "1/2-1/2"]
[WhiteElo "2137"]
[BlackElo "1964"]
[PlyCount "142"]
[EventDate "2007.06.15"]
[EventType "swiss"]
[EventRounds "10"]
[EventCountry "ITA"]
[Source "lmi"]
[SourceDate "2007.06.15"]

1. d4 d5 2. c4 e6 3. Nc3 Nf6 4. cxd5 exd5 5. Bg5 Be7 6. e3 O-O 7. Bd3 b6 8. Nf3
Bb7 9. O-O c5 10. Rc1 Nbd7 11. h3 Ne4 12. Bxe7 Qxe7 13. dxc5 Ndxc5 14. Ne2 Rad8
15. Ned4 Qf6 16. Qe2 Nxd3 17. Qxd3 Rc8 18. Rfd1 Rfd8 19. Qa3 a6 20. Qd3 Rc5 21.
b4 Rxc1 22. Rxc1 Rd7 23. Rc2 h5 24. Nb3 Qd6 25. Qd4 Rc7 26. Rxc7 Qxc7 27. Qb2
Qc4 28. Nbd4 Nf6 29. Ne5 Qc8 30. Qc2 Qxc2 31. Nxc2 Kf8 32. Kf1 Ke7 33. Nd4 g6
34. f3 Ne8 35. Ke2 Nd6 36. Kd3 g5 37. Ke2 f6 38. Nd3 Kd7 39. Nb2 Ke7 40. Nd1 f5
41. g3 Kf6 42. Nc3 g4 43. fxg4 fxg4 44. h4 Ke5 45. Kd3 Ne4 46. Nxe4 dxe4+ 47.
Kc3 Bd5 48. a4 a5 49. b5 Kd6 50. Nf5+ Kc5 51. Ne7 Be6 52. Nc6 Bc8 53. Nb8 Be6
54. Nc6 Bd5 55. Ne5 Be6 56. Ng6 Bf7 57. Nf4 Be8 58. Ne6+ Kd6 59. Nd4 Bd7 60.
Nb3 Be6 61. Nd2 Kd5 62. Nb3 Kd6 63. Nd2 Kd5 64. Nb3 Ke5 65. Nd4 Bd7 66. Ne2 Be8
67. Nf4 Bf7 68. Ne2 Be8 69. Nd4 Kd5 70. Nb3 Ke5 71. Nd2 Kd5 1/2-1/2

[Event "3. Campeonato de la Unión Europea"]
[Site "Arvier ITA"]
[Date "2007.06.19"]
[Round "5.30"]
[White "Brauer, Christian"]
[Black "Brunello, Marina"]
[Result "1-0"]
[WhiteElo "2132"]
[BlackElo "1924"]
[PlyCount "97"]
[EventDate "2007.06.15"]
[EventType "swiss"]
[EventRounds "10"]
[EventCountry "ITA"]
[Source "lmi"]
[SourceDate "2007.06.15"]

1. d4 Nf6 2. Nf3 e6 3. Bg5 d5 4. e3 Nbd7 5. Bd3 c5 6. c3 Bd6 7. Nbd2 Qc7 8. O-O
b6 9. e4 dxe4 10. Nxe4 Nxe4 11. Bxe4 Bb7 12. Qe2 Bxe4 13. Qxe4 O-O 14. Rad1
Rfe8 15. Rfe1 Nf8 16. dxc5 Bxc5 17. Bf4 Qc8 18. h4 Ng6 19. Bh2 h6 20. h5 Nf8
21. Ne5 Be7 22. Rd3 Bg5 23. Red1 Rd8 24. Rxd8 Bxd8 25. Bf4 Bf6 26. Rd3 Bxe5 27.
Bxe5 f6 28. Bd6 Qe8 29. Qb7 Nd7 30. Be7 Nc5 31. Bxc5 bxc5 32. Rd7 Qf8 33. Rxg7+
Qxg7 34. Qxa8+ Kh7 35. Qe4+ Kh8 36. Qxe6 Qf8 37. c4 Qd8 38. Qd5 Qe7 39. g3 Qe1+
40. Kg2 Qe7 41. a3 a5 42. Qa8+ Kg7 43. Qxa5 Qe4+ 44. Kh2 Qf5 45. Qc7+ Kg8 46.
Qd8+ Kg7 47. Qe7+ Kh8 48. Qe8+ Kg7 49. Qg6+ 1-0

[Event "3. Campeonato de la Unión Europea"]
[Site "Arvier ITA"]
[Date "2007.06.19"]
[Round "5.33"]
[White "Bonugli, Carlo"]
[Black "Di Cio, Enrico"]
[Result "1-0"]
[WhiteElo "2091"]
[BlackElo "1776"]
[PlyCount "81"]
[EventDate "2007.06.15"]
[EventType "swiss"]
[EventRounds "10"]
[EventCountry "ITA"]
[Source "lmi"]
[SourceDate "2007.06.15"]

1. e4 e5 2. Nc3 Nf6 3. Bc4 Bc5 4. d3 h6 5. Nf3 Nc6 6. O-O d6 7. h3 a6 8. Nd5 b5
9. Bb3 Bb7 10. Ne3 Bxe3 11. Bxe3 Na5 12. c3 Nxb3 13. axb3 O-O 14. b4 Nh7 15.
Nh2 f5 16. exf5 Rxf5 17. Qg4 Qf6 18. f4 Rf8 19. fxe5 dxe5 20. Rxf5 Qxf5 21. Rf1
Qxg4 22. Nxg4 e4 23. Rxf8+ Nxf8 24. d4 Kf7 25. Bf4 Ne6 26. Be5 c6 27. Kf2 h5
28. Ne3 g5 29. Nf5 Kg6 30. Nd6 Ba8 31. Nxe4 Nf4 32. Bxf4 gxf4 33. Nc5 Kf5 34.
Nxa6 Ke4 35. Nc5+ Kf5 36. Kf3 h4 37. b3 Kg5 38. Ke4 Kg6 39. Kxf4 Kh5 40. Kf5
Kh6 41. Kg4 1-0